| 000 | 00000nam##2200000za#4500 |
| 001 | 9.681171 |
| 003 | CaOODSP |
| 005 | 20200401055849 |
| 007 | ta |
| 008 | 150407|2000||||xxc||||| f|0| 0 fre|d |
| 020 | |a0-662-84814-4 |
| 040 | |aCaOODSP|bfre |
| 043 | |an-cn--- |
| 086 | 1 |aE94-305/2000F |
| 110 | 1 |aCanada.|bAgence canadienne de développement international. |
| 245 | 10|aLes priorités de développement social de l'ACDI: un cadre d'action |
| 260 | |aOttawa - Ontario : |bAgence canadienne de développement international |c2000. |
| 300 | |a51p. : |bgraphique, ill., tableau ; |c28 cm. |
| 500 | |aSommaire: Aperçu des priorités de développement social de l'ACDI.--Santé et nutrition: assurer le bien-être des gens.--Éducation de base: offrir les possibilité à tous et à toutes.--VIH/sida: lutter contre la pandémie à l'échelle mondiale.--Protection des enfants: investir dans l'avenir.--De nouvelles approches pour mettre en oeuvre les priorités de développement social de l''ACDI.--Définition des quatres secteurs prioritaires au titre des priorités de développement social de l'ACDI. |
| 563 | |aCouverture souple |
| 590 | |a00-38|b2000-09-22 |
| 691 | 07|aDéveloppement social|2gcpds |
| 691 | 07|aPauvreté|2gcpds |
| 691 | 07|aProgramme d'aide|2gcpds |
| 775 | 08|tCIDA's social development priorities: a framework for action |w(CaOODSP)9.647790 |
| 776 | 0#|tLes priorités de développement social de L'ACDI : |w(CaOODSP)9.639899 |